00250nam a2200109Ia 4500008004100000100001900041245001900060260002100079650001500100942000800115999001700123190216s9999||||xx |||||||||||||| ||und|| aRana Prathapan 0aDriving Manual bBhasha Institute aReferences cREF c35850d35850